000 00611nam a2200193 i 4500
001 74573
003 ES-MaACL
005 20230906172156.0
007 t|
008 040920s1922 sp ||||1| spa d
100 1 _aGonzález Quijano, Pedro M.
_958891
245 1 0 _aHidrología general agrícola /
_cPedro M. González Quijano.
260 _aMadrid :
_bCalpe,
_c[1922] (
_fArtes de la Ilustración)
300 _a338 p. :
_bil. ;
_c22 cm.
490 1 _aBiblioteca agrícola española
830 0 _aBiblioteca agrícola española
_9181895
852 _aES-MaACL
_jC-18331
_bR.46728
999 _c74573
_d74573